Краткий философский словарь

Bibliografiska uppgifter
Övriga upphovsmän: Алексеев А. П. (редактор)
Språk:ryska
Publicerad: Москва, Проспект, 2001
Upplaga:2-е изд.
Ämnen:
Materialtyp: Bok
KOHA link:https://koha.lib.tpu.ru/cgi-bin/koha/opac-detail.pl?biblionumber=45383

MARC

LEADER 00000nam0a2200000 4500
001 45383
005 20231031023904.0
010 |a 594569004X 
035 |a (RuTPU)RU\TPU\book\47173 
090 |a 45383 
100 |a 20021209d2001 km y0rusy50 ca 
101 0 |a rus 
102 |a RU 
105 |a y e 000zy 
200 1 |a Краткий философский словарь  |f Под ред. А. П. Алексеева 
205 |a 2-е изд. 
210 |a Москва  |c Проспект  |d 2001 
215 |a 492 с. 
610 1 |a философия 
610 1 |a словари 
610 1 |a терминологические словари 
686 |a Ю0/3я2  |v LBC/SL-A  |2 rubbk 
702 1 |a Алексеев  |b А. П.  |4 340 
801 1 |a RU  |b 63413507  |c 20021209  |g PSBO 
801 2 |a RU  |b 63413507  |c 20090525  |g PSBO 
942 |c BK